000 00285 a2200145 4500
001 155702
040 _cEscola São Tomás de Aquino
100 _aBOCAGE
240 1 0 _aBocage
_lpor
245 1 0 _aBocage
300 _a107
362 0 _a1980
697 _aGENERALIDADES
942 _cBK
999 _c155702
_d155702